[Event "BCF-chT3E 2223 (4NCL)"]
[Site "England"]
[Date "2022.11.05"]
[Round "1.52"]
[White "Seymour, Timothy P"]
[Black "Kendall, Paul SN"]
[Result "1-0"]
[WhiteElo "2093"]
[BlackElo "1947"]
[PlyCount "81"]
[EventDate "2022.11.05"]
[EventType "team-tourn"]
[EventRounds "11"]
[EventCountry "ENG"]
[SourceTitle "EXT 2024"]
[Source "ChessBase"]
[SourceDate "2023.10.10"]
[SourceVersion "1"]
[SourceVersionDate "2023.10.10"]
[SourceQuality "1"]
[WhiteTeam "Surbiton"]
[BlackTeam "Hull & East Riding Tigers"]
[WhiteTeamCountry "ENG"]
[BlackTeamCountry "ENG"]

1. Nf3 c5 2. b3 Nc6 3. Bb2 Nf6 4. e3 d5 5. Bb5 e6 6. 0-0 Bd6 7. Ne5 Qc7 8. f4 a6 9. Bxc6+ bxc6 10. d3 Bb7 11. Nd2 0-0-0 12. Qe2 h5 13. c4 Ng8 14. Rac1 f6 15. Nef3 Kb8 16. Ba3 Qa5 17. Nb1 Ne7 18. Qe1 Qb6 19. Nc3 d4 20. exd4 Bxf4 21. Bxc5 Qc7 22. Rb1 Nf5 23. Nd1 g5 24. g3 g4 25. gxf4 gxf3 26. Rxf3 Rhg8+ 27. Kh1 Nxd4 28. Rf1 Rg4 29. Qf2 e5 30. fxe5 fxe5 31. Qf7 Qa5 32. Qxh5 Rdg8 33. Qxe5+ Ka8 34. Ne3 R4g5 35. Qxd4 Qxc5 36. Qxc5 Rxc5 37. d4 Rh5 38. Rb2 Rh3 39. Nf5 Rd3 40. Rg2 Rf8 41. Rgf2 1-0

[Event "Harrogate 4NCL op-B 21st"]
[Site "Harrogate"]
[Date "2019.01.19"]
[Round "3"]
[White "Kendall, Paul SN"]
[Black "Riding, Mick D"]
[Result "1-0"]
[WhiteElo "1934"]
[BlackElo "1872"]
[PlyCount "69"]
[EventDate "2019.01.18"]
[EventType "swiss"]
[EventRounds "5"]
[EventCountry "ENG"]
[SourceTitle "CBM 188 Extra"]
[Source "ChessBase"]
[SourceDate "2019.02.28"]
[SourceVersion "1"]
[SourceVersionDate "2019.02.28"]
[SourceQuality "1"]

1. e4 d6 2. d4 Nf6 3. Nc3 c6 4. h3 Nbd7 5. g4 h6 6. Bg2 e5 7. Nge2 Qc7 8. a4 b6 9. 0-0 Bb7 10. Be3 Be7 11. Ng3 g6 12. Qd2 0-0-0 13. d5 cxd5 14. Nxd5 Nxd5 15. exd5 h5 16. Ra3 f5 17. Rc3 Nc5 18. gxf5 h4 19. f6 Bf8 20. Ne4 Kb8 21. Ng5 Qd7 22. b3 Bh6 23. a5 Bxg5 24. Bxg5 Qf5 25. axb6 axb6 26. f7 Rdf8 27. Be7 Rxf7 28. Bxd6+ Ka7 29. Ra1+ Na6 30. Rf3 Qxf3 31. Bxf3 Rxf3 32. Bxe5 Rh5 33. Qd4 Rg5+ 34. Kf1 Rxh3 35. Ke2 1-0

[Event "Harrogate 4NCL op-B 21st"]
[Site "Harrogate"]
[Date "2019.01.19"]
[Round "2"]
[White "Tamas, Szilard"]
[Black "Kendall, Paul SN"]
[Result "0-1"]
[WhiteElo "1821"]
[BlackElo "1934"]
[PlyCount "94"]
[EventDate "2019.01.18"]
[EventType "swiss"]
[EventRounds "5"]
[EventCountry "ENG"]
[SourceTitle "CBM 188 Extra"]
[Source "ChessBase"]
[SourceDate "2019.02.28"]
[SourceVersion "1"]
[SourceVersionDate "2019.02.28"]
[SourceQuality "1"]

1. e4 c5 2. Nf3 g6 3. a3 Bg7 4. Nc3 Nc6 5. Bc4 e6 6. d3 Nge7 7. Bg5 h6 8. Bh4 0-0 9. 0-0 a6 10. Rb1 b5 11. Ba2 Rb8 12. Bg3 d6 13. Qd2 e5 14. Nd5 Be6 15. Ne1 Bxd5 16. exd5 Nd4 17. f3 h5 18. c3 Ndf5 19. f4 Nxg3 20. hxg3 Nf5 21. Qf2 Bh6 22. Nc2 Qf6 23. Ne3 Nxe3 24. Qxe3 Rbe8 25. Qf3 Qf5 26. Rbe1 exf4 27. Rxe8 Rxe8 28. gxf4 Qg4 29. Qxg4 hxg4 30. g3 Re3 31. Kg2 Rxd3 32. c4 Bg7 33. Rf2 Bd4 34. Re2 Kg7 35. Kh2 Rd1 36. Kg2 Ra1 37. b3 bxc4 38. bxc4 Kf6 39. a4 g5 40. fxg5+ Kxg5 41. Kh2 Be5 42. Kg2 f5 43. Kh2 Rc1 44. Rg2 f4 45. Rd2 f3 46. Bb3 Bd4 47. Ra2 f2 0-1

[Event "Harrogate 4NCL op-B 17th"]
[Site "Harrogate"]
[Date "2018.01.21"]
[Round "4"]
[White "Dean, Robert A"]
[Black "Kendall, Paul SN"]
[Result "0-1"]
[WhiteElo "1851"]
[BlackElo "1970"]
[PlyCount "48"]
[EventDate "2018.01.19"]
[EventType "swiss"]
[EventRounds "5"]
[EventCountry "ENG"]
[SourceTitle "CBM 182 Extra"]
[Source "ChessBase"]
[SourceDate "2018.02.23"]
[SourceVersion "1"]
[SourceVersionDate "2018.02.23"]
[SourceQuality "1"]

1. e4 c5 2. f4 g6 3. Nf3 Nc6 4. Nc3 Bg7 5. Bc4 e6 6. 0-0 Nge7 7. Qe1 0-0 8. d3 a6 9. f5 d5 10. Bb3 c4 11. Ng5 exf5 12. Qh4 h6 13. exd5 hxg5 14. Bxg5 cxb3 15. dxc6 Qd4+ 16. Kh1 Nxc6 17. Rf4 Qd6 18. axb3 f6 19. Bh6 g5 20. Bxg5 fxg5 21. Qxg5 Qh6 22. Qg3 Qd6 23. Raf1 Rf6 24. Ne4 fxe4 0-1

[Event "Harrogate 4NCL op-B 17th"]
[Site "Harrogate"]
[Date "2018.01.19"]
[Round "1"]
[White "Kendall, Paul SN"]
[Black "Jacob, Sydney J"]
[Result "1/2-1/2"]
[WhiteElo "1970"]
[BlackElo "1815"]
[PlyCount "86"]
[EventDate "2018.01.19"]
[EventType "swiss"]
[EventRounds "5"]
[EventCountry "ENG"]
[SourceTitle "CBM 182 Extra"]
[Source "ChessBase"]
[SourceDate "2018.02.23"]
[SourceVersion "1"]
[SourceVersionDate "2018.02.23"]
[SourceQuality "1"]

1. e4 c5 2. Nc3 e6 3. f4 a6 4. a4 Nc6 5. Nf3 d6 6. g3 Nf6 7. Bg2 Be7 8. 0-0 0-0 9. d3 Qc7 10. h3 Bd7 11. g4 Nd4 12. g5 Ne8 13. Nxd4 cxd4 14. Ne2 e5 15. c3 dxc3 16. Nxc3 Qa5 17. Kh1 Nc7 18. f5 g6 19. Qf3 gxf5 20. Be3 fxe4 21. Nxe4 Qd5 22. Bb6 Qc6 23. Bxc7 Qxc7 24. Qh5 Bc6 25. Rac1 Kh8 26. Rf6 Rg8 27. Rxf7 Rg7 28. Rxg7 Kxg7 29. Qh6+ Kg8 30. Rf1 Rf8 31. Rxf8+ Bxf8 32. Nf6+ Kf7 33. Qxh7+ Bg7 34. Nd5 Qc8 35. Be4 Qe6 36. Qh5+ Kg8 37. Qf3 Qf7 38. Qg2 Kf8 39. Nc3 Qf4 40. Ne2 Qd2 41. Qf3+ Ke7 42. h4 Qe1+ 43. Kg2 Qxh4 1/2-1/2

[Event "BCF-ch Seniors 65"]
[Site "Llandudno"]
[Date "2017.07.31"]
[Round "2"]
[White "Surtees, Michael"]
[Black "Kendall, Paul SN"]
[Result "1-0"]
[WhiteElo "2084"]
[BlackElo "1959"]
[PlyCount "67"]
[EventDate "2017.07.30"]
[EventType "swiss"]
[EventRounds "7"]
[EventCountry "WLS"]
[SourceTitle "CBM 179 Extra"]
[Source "ChessBase"]
[SourceDate "2017.08.23"]
[SourceVersion "1"]
[SourceVersionDate "2017.08.23"]
[SourceQuality "1"]

1. e4 c5 2. Nh3 g6 3. f4 Bg7 4. Nf2 d5 5. Bb5+ Nc6 6. exd5 Qxd5 7. Nc3 Qe6+ 8. Qe2 Qxe2+ 9. Nxe2 Bd7 10. c3 a6 11. Ba4 Nh6 12. 0-0 0-0 13. Ng3 b5 14. Bc2 e5 15. fxe5 Rfe8 16. Nfe4 Bxe5 17. Nxc5 Bg4 18. Be4 Rac8 19. d3 Bxg3 20. Bxh6 Be5 21. Nxa6 f5 22. Bd5+ Kh8 23. Rae1 Be2 24. Rxe2 Bd4+ 25. Ref2 Bxf2+ 26. Rxf2 Ne5 27. Be3 h5 28. Bd4 Kh7 29. Bxe5 Rxe5 30. Bf3 g5 31. Rf1 Kg6 32. d4 Re3 33. Kf2 f4 34. h3 1-0

[Event "BCF-chT3Sd 1516 (4NCL)"]
[Site "England"]
[Date "2016.05.02"]
[Round "11.99"]
[White "Kendall, Paul SN"]
[Black "Terry, Sean"]
[Result "1/2-1/2"]
[WhiteElo "1969"]
[BlackElo "1905"]
[PlyCount "39"]
[EventDate "2016.03.20"]
[EventType "team-swiss"]
[EventRounds "11"]
[EventCountry "ENG"]
[SourceTitle "EXT 2017"]
[Source "ChessBase"]
[SourceDate "2016.10.25"]
[SourceVersion "1"]
[SourceVersionDate "2016.10.25"]
[SourceQuality "1"]
[WhiteTeam "MK Phoenix II"]
[BlackTeam "Oxford II"]
[WhiteTeamCountry "ENG"]
[BlackTeamCountry "ENG"]

1. e4 c5 2. Nc3 e6 3. g3 Nc6 4. Bg2 g6 5. d3 Bg7 6. Nf3 Nge7 7. 0-0 0-0 8. h4 Rb8 9. Be3 Nd4 10. Qd2 Nec6 11. Nd1 d6 12. c3 Nxf3+ 13. Bxf3 Ne5 14. Be2 f5 15. f3 b6 16. d4 Nf7 17. Nf2 Qc7 18. h5 Qe7 19. hxg6 hxg6 20. Nh3 1/2-1/2

[Event "BCF-chT3Sd 1516 (4NCL)"]
[Site "England"]
[Date "2016.03.20"]
[Round "8.96"]
[White "Brown, Thomas"]
[Black "Kendall, Paul SN"]
[Result "1-0"]
[WhiteElo "2093"]
[BlackElo "1969"]
[PlyCount "51"]
[EventDate "2016.03.20"]
[EventType "team-swiss"]
[EventRounds "11"]
[EventCountry "ENG"]
[SourceTitle "EXT 2017"]
[Source "ChessBase"]
[SourceDate "2016.10.25"]
[SourceVersion "1"]
[SourceVersionDate "2016.10.25"]
[SourceQuality "1"]
[WhiteTeam "Rhyfelwyr Essyllwg"]
[BlackTeam "MK Phoenix II"]
[WhiteTeamCountry "ENG"]
[BlackTeamCountry "ENG"]

1. d4 Nf6 2. c4 e6 3. Nc3 Bb4 4. Qc2 Nc6 5. Nf3 0-0 6. Bd2 d5 7. cxd5 exd5 8. e3 Bg4 9. Bd3 Re8 10. a3 Bxf3 11. gxf3 Nxd4 12. Qd1 Bd6 13. 0-0 Ne6 14. f4 c6 15. b4 Qc7 16. Rc1 Qe7 17. Ne2 Ne4 18. Bxe4 dxe4 19. Ng3 Rad8 20. Qe2 Nc7 21. Rc4 Qd7 22. Rxe4 Bxf4 23. Rxf4 Qxd2 24. Qh5 Qd5 25. Nf5 Re4 26. Qg4 1-0

[Event "BCF-chT3Sb 1516 (4NCL)"]
[Site "England"]
[Date "2016.03.19"]
[Round "7.96"]
[White "Kendall, Paul SN"]
[Black "Jones, Steven"]
[Result "0-1"]
[WhiteElo "1969"]
[BlackElo "2180"]
[PlyCount "184"]
[EventDate "2015.11.14"]
[EventType "team-swiss"]
[EventRounds "7"]
[EventCountry "ENG"]
[SourceTitle "EXT 2017"]
[Source "ChessBase"]
[SourceDate "2016.10.25"]
[SourceVersion "1"]
[SourceVersionDate "2016.10.25"]
[SourceQuality "1"]
[WhiteTeam "MK Phoenix II"]
[BlackTeam "Surbiton"]
[WhiteTeamCountry "ENG"]
[BlackTeamCountry "ENG"]

1. e4 c5 2. Nc3 a6 3. g3 b5 4. Bg2 Bb7 5. d3 e6 6. Nf3 d6 7. 0-0 Nf6 8. Qe2 Nc6 9. Nd1 Be7 10. c3 0-0 11. Ng5 d5 12. f4 h6 13. Nf3 c4 14. exd5 cxd3 15. Qxd3 Nxd5 16. Kh1 Qb6 17. Ne3 Rad8 18. Nxd5 Rxd5 19. Be3 Bc5 20. Bxc5 Qxc5 21. Qe2 Rfd8 22. Rad1 Qd6 23. Rxd5 Qxd5 24. Ne5 Qd6 25. Nxc6 Bxc6 26. a3 Bxg2+ 27. Qxg2 Qc5 28. h4 Qe3 29. Qf2 Qe4+ 30. Qg2 Qc4 31. Re1 Rd3 32. Kh2 Qc8 33. Re2 Qd8 34. Qe4 Rd1 35. f5 exf5 36. Qxf5 Qa8 37. Kh3 g6 38. Qe4 Qxe4 39. Rxe4 Rd2 40. Rb4 h5 41. a4 bxa4 42. Rxa4 Rxb2 43. Rxa6 Rd2 44. Rf6 Kf8 45. Rf4 Ke7 46. Re4+ Kd6 47. Re8 Rc2 48. Rf8 Rf2 49. c4 Ke6 50. Re8+ Kd7 51. Rf8 Ke7 52. Rc8 f6 53. Rc7+ Ke6 54. Rg7 Kf5 55. Rb7 Rc2 56. Rb5+ Ke4 57. Rb6 Rf2 58. Rb7 Rf5 59. Rg7 g5 60. hxg5 fxg5 61. Rh7 Rf1 62. Kg2 Rc1 63. Rxh5 Kf5 64. Rh7 Kg4 65. Rf7 Rxc4 66. Rf2 Rc3 67. Kh2 Re3 68. Rg2 Kf3 69. g4 Re1 70. Rg3+ Kf4 71. Rg2 Re8 72. Kg1 Kf3 73. Kh2 Rh8+ 74. Kg1 Rh3 75. Ra2 Kxg4 76. Ra4+ Kg3 77. Ra3+ Kh4 78. Ra4+ g4 79. Kg2 Rg3+ 80. Kh2 Re3 81. Kg2 Re2+ 82. Kf1 Rb2 83. Ra8 Kg3 84. Ra3+ Kh2 85. Ra8 Rb1+ 86. Ke2 g3 87. Rh8+ Kg1 88. Kf3 Rb3+ 89. Ke2 Kg2 90. Rh7 Rb5 91. Re7 Rh5 92. Ke1 Kh1 0-1

[Event "BCF-chT3 1415 (4NCL)"]
[Site "England"]
[Date "2015.05.03"]
[Round "10.196"]
[White "Klingher, Dominic"]
[Black "Kendall, Paul SN"]
[Result "1/2-1/2"]
[WhiteElo "1862"]
[BlackElo "2033"]
[PlyCount "75"]
[EventDate "2015.03.21"]
[EventType "team-swiss"]
[EventRounds "11"]
[EventCountry "ENG"]
[SourceTitle "EXT 2016"]
[Source "ChessBase"]
[SourceDate "2015.10.08"]
[SourceVersion "1"]
[SourceVersionDate "2015.10.08"]
[SourceQuality "1"]
[WhiteTeam "Barnet Knights"]
[BlackTeam "North East England II"]
[WhiteTeamCountry "ENG"]
[BlackTeamCountry "ENG"]

1. e4 c5 2. d4 cxd4 3. c3 g6 4. Nf3 d5 5. Qxd4 Nf6 6. e5 Nc6 7. Bb5 Ne4 8. Nbd2 Nxd2 9. Bxd2 Bg7 10. Bg5 Qb6 11. Qb4 0-0 12. Bxc6 Qxb4 13. cxb4 bxc6 14. Nd4 f6 15. Bh4 g5 16. Bg3 f5 17. f4 Bd7 18. 0-0 Rab8 19. a3 e6 20. fxg5 a5 21. Rac1 axb4 22. Nxc6 Bxc6 23. Rxc6 bxa3 24. bxa3 Ra8 25. Rxe6 Rxa3 26. Rd6 Rd3 27. e6 Bd4+ 28. Kh1 Bc5 29. Rd7 f4 30. Bh4 Re8 31. Rc7 Bb4 32. Rf7 Bd6 33. Rf6 Be5 34. Rf5 Rxe6 35. Bf2 Bd6 36. Ra1 Rd2 37. Bh4 Ree2 38. Rf6 1/2-1/2

[Event "BCF-chT3 1314 (4NCL)"]
[Site "England"]
[Date "2014.05.03"]
[Round "9.235"]
[White "Paterson, Andrew I"]
[Black "Kendall, Paul SN"]
[Result "0-1"]
[WhiteElo "2075"]
[BlackElo "2038"]
[PlyCount "38"]
[EventDate "2013.11.16"]
[EventType "team-swiss"]
[EventRounds "11"]
[EventCountry "ENG"]
[SourceTitle "EXT 2015"]
[Source "ChessBase"]
[SourceDate "2014.11.20"]
[SourceVersion "1"]
[SourceVersionDate "2014.11.20"]
[SourceQuality "1"]
[WhiteTeam "Warwicks Select II"]
[BlackTeam "North East England II"]
[WhiteTeamCountry "ENG"]
[BlackTeamCountry "ENG"]

1. e4 c5 2. Nf3 Nc6 3. d4 cxd4 4. Nxd4 g6 5. Nc3 Bg7 6. Be3 Nf6 7. Bc4 0-0 8. Bb3 a5 9. 0-0 Ng4 10. Qxg4 Nxd4 11. Qd1 Nxb3 12. axb3 d6 13. Nd5 e6 14. Bb6 Qd7 15. Nc7 Rb8 16. Ra4 Qc6 17. Ba7 b5 18. Bxb8 bxa4 19. bxa4 Qb6 0-1

[Event "BCF-chT3N 1314 (4NCL)"]
[Site "England"]
[Date "2014.01.12"]
[Round "4.77"]
[White "Turner, John M"]
[Black "Kendall, Paul SN"]
[Result "1/2-1/2"]
[WhiteElo "2040"]
[BlackElo "2027"]
[PlyCount "56"]
[EventDate "2013.11.16"]
[EventType "team-swiss"]
[EventRounds "6"]
[EventCountry "ENG"]
[SourceTitle "EXT 2015"]
[Source "ChessBase"]
[SourceDate "2014.11.20"]
[SourceVersion "1"]
[SourceVersionDate "2014.11.20"]
[SourceQuality "1"]
[WhiteTeam "Holmes Chapel"]
[BlackTeam "North East England II"]
[WhiteTeamCountry "ENG"]
[BlackTeamCountry "ENG"]

1. e4 c5 2. Nc3 Nc6 3. Bb5 g6 4. f4 Bg7 5. Bxc6 dxc6 6. Nf3 Nh6 7. d3 b6 8. 0-0 f6 9. Qe2 Nf7 10. Be3 e5 11. fxe5 fxe5 12. Rae1 Qe7 13. Qf2 Ba6 14. b3 0-0 15. Na4 Nd6 16. c4 Rf7 17. Qg3 Raf8 18. Ng5 Rxf1+ 19. Rxf1 Rxf1+ 20. Kxf1 Bc8 21. Nf3 Nf7 22. Ke2 Qd6 23. h4 h5 24. Ng5 Bg4+ 25. Kd2 Nd8 26. Qf2 Bf6 27. Nc3 Kg7 28. Ne2 Ne6 1/2-1/2

[Event "BCF-chT3N 1314 (4NCL)"]
[Site "England"]
[Date "2013.11.16"]
[Round "1.87"]
[White "Kendall, Paul SN"]
[Black "Armstrong, Malcolm J"]
[Result "0-1"]
[WhiteElo "2028"]
[BlackElo "2116"]
[PlyCount "46"]
[EventDate "2013.11.16"]
[EventType "team-swiss"]
[EventRounds "6"]
[EventCountry "ENG"]
[SourceTitle "CBM 157 Extra"]
[Source "ChessBase"]
[SourceDate "2013.12.19"]
[SourceVersion "1"]
[SourceVersionDate "2013.12.19"]
[SourceQuality "1"]
[WhiteTeam "North East England II"]
[BlackTeam "Cheddleton II"]
[WhiteTeamCountry "ENG"]
[BlackTeamCountry "ENG"]

1. e4 c6 2. d4 d5 3. exd5 cxd5 4. Bd3 Nc6 5. c3 g6 6. Bf4 Bg7 7. Nf3 Nf6 8. Nbd2 0-0 9. h4 Bg4 10. Qb1 Nh5 11. Bh2 e5 12. dxe5 Re8 13. 0-0 Nxe5 14. Bxe5 Bxe5 15. Nxe5 Rxe5 16. g3 Qb6 17. Kg2 Rae8 18. a4 a6 19. Ra3 Qe6 20. Rh1 d4 21. cxd4 Qd5+ 22. f3 Re2+ 23. Kf1 Rxd2 0-1

[Event "BCF-chT2b 1213 (4NCL)"]
[Site "England"]
[Date "2013.02.23"]
[Round "5.76"]
[White "Shaw, Peter"]
[Black "Kendall, Paul SN"]
[Result "1-0"]
[WhiteElo "2151"]
[BlackElo "2054"]
[PlyCount "131"]
[EventDate "2012.11.03"]
[EventType "team-tourn"]
[EventRounds "7"]
[EventCountry "ENG"]
[SourceTitle "EXT 2014"]
[Source "ChessBase"]
[SourceDate "2013.11.20"]
[SourceVersion "1"]
[SourceVersionDate "2013.11.20"]
[SourceQuality "1"]
[WhiteTeam "White Rose II"]
[BlackTeam "North East England"]
[WhiteTeamCountry "ENG"]
[BlackTeamCountry "ENG"]

1. d4 Nf6 2. c4 e6 3. Nc3 Bb4 4. Qc2 Nc6 5. Nf3 0-0 6. a3 Bxc3+ 7. Qxc3 Ne4 8. Qc2 f5 9. b4 d6 10. Bb2 Qe7 11. e3 Nb8 12. Bd3 Nf6 13. 0-0 Bd7 14. Nd2 Qf7 15. e4 Qh5 16. Rae1 c5 17. bxc5 dxc5 18. exf5 exf5 19. d5 Na6 20. Re7 Rad8 21. Nf3 Nb8 22. Rfe1 Bc8 23. h3 Rf7 24. R7e5 g6 25. Qc3 Bd7 26. Re7 Rdf8 27. Rxf7 Rxf7 28. Qe5 Rf8 29. Qd6 Ne4 30. Bxe4 fxe4 31. Rxe4 Bxh3 32. Qe5 Qxe5 33. Rxe5 Bd7 34. Re7 Rf7 35. Rxf7 Kxf7 36. Be5 Na6 37. Bd6 Bf5 38. Ne5+ Ke8 39. g4 Bc2 40. f4 Kd8 41. Kf2 b6 42. g5 Nc7 43. Ke3 a6 44. Bxc7+ Kxc7 45. Kd2 Be4 46. Ng4 b5 47. Nf6 Bg2 48. Kc3 Kd6 49. Nxh7 bxc4 50. Nf6 Bxd5 51. f5 gxf5 52. g6 Be6 53. g7 f4 54. g8Q Bxg8 55. Nxg8 f3 56. Nf6 Ke5 57. Nh5 Ke4 58. Kxc4 f2 59. Ng3+ Kf3 60. Nf1 Ke2 61. Nh2 Kd2 62. a4 a5 63. Kxc5 Kc3 64. Nf1 Kd3 65. Ng3 Kc3 66. Kb5 1-0

[Event "BCF-ch Senior"]
[Site "North Shields"]
[Date "2012.08.02"]
[Round "6.8"]
[White "Kendall, Paul SN"]
[Black "Milnes, Anthony CP"]
[Result "1/2-1/2"]
[WhiteElo "2039"]
[BlackElo "2025"]
[PlyCount "38"]
[EventDate "2012.07.28"]
[EventType "swiss"]
[EventRounds "7"]
[EventCountry "ENG"]
[SourceTitle "EXT 2023"]
[Source "ChessBase"]
[SourceDate "2022.10.05"]
[SourceVersion "1"]
[SourceVersionDate "2022.10.05"]
[SourceQuality "1"]

1. e4 e6 2. b3 d5 3. Bb2 Nf6 4. exd5 exd5 5. Nf3 Be7 6. Be2 0-0 7. 0-0 Bf5 8. d3 Nbd7 9. Nbd2 Re8 10. Nh4 Be6 11. f4 Nf8 12. h3 Ng6 13. Nxg6 hxg6 14. Nf3 Nh5 15. Qd2 Bd6 16. Be5 f6 17. Bxd6 Qxd6 18. Nh2 Ng3 19. Rf2 Nxe2+ 1/2-1/2

[Event "BCF-ch Senior"]
[Site "North Shields"]
[Date "2012.07.31"]
[Round "4.6"]
[White "Kendall, Paul SN"]
[Black "Ashby, Anthony"]
[Result "1/2-1/2"]
[WhiteElo "2039"]
[BlackElo "2119"]
[PlyCount "51"]
[EventDate "2012.07.28"]
[EventType "swiss"]
[EventRounds "7"]
[EventCountry "ENG"]
[SourceTitle "EXT 2023"]
[Source "ChessBase"]
[SourceDate "2022.10.05"]
[SourceVersion "1"]
[SourceVersionDate "2022.10.05"]
[SourceQuality "1"]

1. e4 e6 2. b3 b6 3. Bb2 Bb7 4. e5 c5 5. Nf3 Nc6 6. Be2 d5 7. exd6 Nf6 8. 0-0 Bxd6 9. Na3 0-0 10. Nc4 Bc7 11. d4 Qb8 12. h3 Rd8 13. c3 e5 14. Qc2 e4 15. Nfe5 Nxe5 16. dxe5 Bxe5 17. Rad1 Bc7 18. Ne3 Be5 19. Rxd8+ Qxd8 20. Nc4 Bc7 21. Rd1 Qe7 22. Ne3 Rd8 23. c4 Rxd1+ 24. Qxd1 Qd6 25. Qxd6 Bxd6 26. Bxf6 1/2-1/2

[Event "BCF-ch Senior"]
[Site "North Shields"]
[Date "2012.07.28"]
[Round "1.17"]
[White "McDonald, Ian1"]
[Black "Kendall, Paul SN"]
[Result "0-1"]
[WhiteElo "1776"]
[BlackElo "2039"]
[PlyCount "48"]
[EventDate "2012.07.28"]
[EventType "swiss"]
[EventRounds "7"]
[EventCountry "ENG"]
[SourceTitle "EXT 2023"]
[Source "ChessBase"]
[SourceDate "2022.10.05"]
[SourceVersion "1"]
[SourceVersionDate "2022.10.05"]
[SourceQuality "1"]

1. e4 e5 2. Nc3 Nf6 3. f4 d5 4. fxe5 Nxe4 5. d3 Nxc3 6. bxc3 d4 7. Nf3 c5 8. Be2 Be7 9. 0-0 0-0 10. Qe1 f6 11. Bf4 Nc6 12. Qg3 Kh8 13. exf6 Bxf6 14. Ng5 dxc3 15. Bd6 Nd4 16. Bd1 Nf5 17. Rxf5 Bxf5 18. Bxf8 Bd4+ 19. Kh1 Qxf8 20. Bf3 h6 21. Ne4 Rd8 22. Qc7 Rd7 23. Qa5 b6 24. Qb5 Rf7 0-1

[Event "EU-chT Seniors"]
[Site "Rogaska Slatina"]
[Date "2012.04.02"]
[Round "7.18"]
[White "Kendall, Paul SN"]
[Black "Mira, Helene"]
[Result "1/2-1/2"]
[WhiteElo "2042"]
[BlackElo "2083"]
[PlyCount "29"]
[EventDate "2012.03.27"]
[EventType "team-swiss"]
[EventRounds "9"]
[EventCountry "SLO"]
[SourceTitle "CBM 147 Extra"]
[Source "ChessBase"]
[SourceDate "2012.04.24"]
[SourceVersion "1"]
[SourceVersionDate "2012.04.24"]
[SourceQuality "1"]
[WhiteTeam "England (Seniors) III"]
[BlackTeam "Vienna (Seniors) II"]
[WhiteTeamCountry "ENG"]
[BlackTeamCountry "AUT"]

1. e4 d6 2. d4 Nf6 3. Nc3 c6 4. f4 Qa5 5. Bd3 e5 6. Nf3 Nbd7 7. Qe2 Be7 8. Bd2 Qc7 9. 0-0-0 0-0 10. g4 exd4 11. Nxd4 Nc5 12. h3 Re8 13. Rde1 Nxd3+ 14. Qxd3 Nd7 15. Nf5 1/2-1/2

[Event "BCF-chT3S 1112 (4NCL)"]
[Site "England"]
[Date "2011.11.13"]
[Round "2.1"]
[White "Kendall, Paul SN"]
[Black "Myall, Ivan J"]
[Result "1/2-1/2"]
[WhiteElo "2042"]
[BlackElo "2060"]
[PlyCount "79"]
[EventDate "2011.11.12"]
[EventType "team-swiss"]
[EventRounds "6"]
[EventCountry "ENG"]
[SourceTitle "EXT 2013"]
[Source "ChessBase"]
[SourceDate "2012.11.22"]
[SourceVersion "1"]
[SourceVersionDate "2012.11.22"]
[SourceQuality "1"]
[WhiteTeam "FCA Solutions II"]
[BlackTeam "Anglian Avengers II"]
[WhiteTeamCountry "ENG"]
[BlackTeamCountry "ENG"]

1. e4 e5 2. Nf3 Nc6 3. d4 exd4 4. Bc4 Nf6 5. e5 d5 6. Bb5 Ne4 7. Nxd4 Bc5 8. Be3 Bd7 9. Bxc6 bxc6 10. Nd2 Bxd4 11. Bxd4 Nxd2 12. Qxd2 0-0 13. 0-0-0 Re8 14. Qc3 Qg5+ 15. Kb1 Qg6 16. f4 Reb8 17. Rd3 Bf5 18. Rg3 Qe6 19. h3 a5 20. Re3 Rb4 21. g4 Bxc2+ 22. Qxc2 Rxd4 23. f5 Qh6 24. Rc3 Rd2 25. Qb3 Re2 26. Qb7 Rf8 27. e6 fxe6 28. Rxc6 Qf4 29. Rhc1 Qe4+ 30. Ka1 Re1 31. fxe6 Qxe6 32. a3 Rxc1+ 33. Rxc1 d4 34. Qxc7 Qd5 35. Qc4 Rd8 36. Qxd5+ Rxd5 37. Rc8+ Kf7 38. Kb1 d3 39. Kc1 Rb5 40. Rc3 1/2-1/2